000 01648nam a2200229Ii 4500
008 221202s xx 000 0 und d
245 4 _aThe Routledge Companion to Media and Race
264 1 _a[Place of publication not identified] :
_b[Publisher not identified],
_c2016
300 _a1 online resource
336 _atext
_btxt
_2rdacontent
337 _acomputer
_bc
_2rdamedia
338 _aonline resource
_bcr
_2rdacarrier
520 _aThe Routledge Companion to Media and Race serves as a comprehensive guide for scholars, students, and media professionals who seek to understand the key debates about the impact of media messages on racial attitudes and understanding. Broad in scope and richly presented from a diversity of perspectives, the book is divided into three sections: first, it summarizes the theoretical approaches that scholars have adopted to analyze the complexities of media messages about race and ethnicity, from the notion of representation to more recent concepts like Critical Race Theory. Second, the book reviews studies related to a variety of media, including film, television, print media, social media, music, and video games. Finally, contributors present a broad summary of media issues related to specific races and ethnicities and describe the relationship of the study of race to the study of gender and sexuality.
653 _a Critical Race Theory
653 _a Cultural Studies
653 _a Media Studies
653 _a Multiculturalism
653 _aChristopher P. Campbell
700 1 _aCampbell, Christopher
856 _uhttps://library.oapen.org/handle/20.500.12657/41346
942 _cE-BOOK
999 _c66808
_d66808